书目信息 |
| 题名: |
建筑工程施工技术及应用研究
|
|
| 作者: | 路明 著 | |
| 分册: | ||
| 出版信息: | 天津 天津科学技术出版社 2020.07 |
|
| 页数: | 217页 | |
| 开本: | 24cm | |
| 丛书名: | ||
| 单 册: | ||
| 中图分类: | TU74 | |
| 科图分类: | ||
| 主题词: | 建筑工程--jian zhu gong cheng--工程施工--研究 | |
| 电子资源: | ||
| ISBN: | 978-7-5576-8429-7 | |
| 000 | 01012nam0 2200241 450 | |
| 001 | CAL 004127415 | |
| 005 | 20230217093113.0 | |
| 010 | @a978-7-5576-8429-7@dCNY58.00 | |
| 100 | @a20210812d2020 em y0chiy0120 ea | |
| 101 | 0 | @achi |
| 102 | @aCN@b120000 | |
| 105 | @aa a 000yy | |
| 106 | @ar | |
| 200 | 1 | @a建筑工程施工技术及应用研究@Ajian zhu gong cheng shi gong ji shu ji ying yong yan jiu@f路明著 |
| 210 | @a天津@c天津科学技术出版社@d2020.07 | |
| 215 | @a217页@c图@d24cm | |
| 320 | @a有书目 | |
| 330 | @a本书主要内容包括: 建筑地基基础及地下室工程施工管理、砌体工程及外墙保温系统质量工程、混凝土工程及其材料质量控制、屋面防水及室内排水施工控制、项目实施阶段控制、管理等六个方面问题, 在写作构思中力求全面系统, 通俗易懂, 突出实用性、针对性和可操作性。本书内容围绕过程工序中按质量标准及规范这条主线, 防治其通病的产生。 | |
| 606 | 0 | @a建筑工程@Ajian zhu gong cheng@x工程施工@x研究 |
| 690 | @aTU74@v5 | |
| 701 | 0 | @a路明@Alu ming@4著 |
| 801 | 0 | @aCN@bBJXHZP@c20230228 |
| 905 | @b1387401-5@dTU74@e2175@f5 | |
| 建筑工程施工技术及应用研究/路明著.-天津:天津科学技术出版社,2020.07 |
| 217页:图;24cm |
| ISBN 978-7-5576-8429-7:CNY58.00 |
| 本书主要内容包括: 建筑地基基础及地下室工程施工管理、砌体工程及外墙保温系统质量工程、混凝土工程及其材料质量控制、屋面防水及室内排水施工控制、项目实施阶段控制、管理等六个方面问题, 在写作构思中力求全面系统, 通俗易懂, 突出实用性、针对性和可操作性。本书内容围绕过程工序中按质量标准及规范这条主线, 防治其通病的产生。 |
| ● |
| 相关链接 |
|
|
|
|
正题名:建筑工程施工技术及应用研究
索取号:TU74/2175
 
预约/预借
| 序号 | 登录号 | 条形码 | 馆藏地/架位号 | 状态 | 备注 |
| 1 | 1387401 | 213874011 | 第二样本阅览室/ [索取号:TU74/2175] | 在馆 | |
| 2 | 1387402 | 213874020 | 第三借阅区/ [索取号:TU74/2175] | 在馆 | |
| 3 | 1387403 | 213874039 | 第三借阅区/ [索取号:TU74/2175] | 在馆 | |
| 4 | 1387404 | 213874048 | 第三借阅区/ [索取号:TU74/2175] | 在馆 | |
| 5 | 1387405 | 213874057 | 第三借阅区/ [索取号:TU74/2175] | 在馆 |